000 00550nam a2200193Ia 4500
008 191130s1998##################000#0#eng##
020 _a9780333759691
040 _aACL
_cACL
082 _a302.2 TAB
100 _aTaborsky, Edwina
245 _aArchitectonics of Semiotics
_cEdwina Taborsky
260 _aLondon
_bMacmillan
_c1998
300 _a202 p. 22 cm
500 _aIncludes bibliographical references and index
650 _aSemiotics - Philosophy
990 _aa4ab4712ac10000c56ce7a0a8bfdd644
991 _a216138
999 _c372686
_d372686